000 02639nkm0a2200481 4500
001 RU\NLR\BIBL_A\022569367
005 20250809152713.0
035 _a(NLR Aleph) 022569367
071 5 0 _d1 р. 80 к.
090 _a88516
_c88516
100 _a20250618f1944 u y0rusy50 ca
101 0 _arus
102 _aRU
116 _aiiycxx bf ad
135 _acrcn 024anaba
181 0 _ab4
_bxb2e
182 0 _an
200 1 _a"Новый порядок" Гитлера
_e[плакат]
203 _aИзображение
_bнеподвижное
_bдвухмерное
_bвизуальное
_cнепосредственное
210 _a[Смоленск]
_cСмолГИЗ Госкиноиздат
_d[1944]
_eМосква
_gТип. "Красное знамя"
215 _a1 л. (6 изобр., 2 стб. текста)
_cхромолитогр.
_d72х54
300 _aВ вып. данных: Л7741; Заказ 964
325 _aКопия доступна в Электрон. б-ке РНБ
327 0 _aНа плакате ч/б фотографии зверств фашистов и подписи к ним
606 1 _aПлакат русский советский
_z1941 - 1945
_2nlr_sh2
_3RU\NLR\AUTH\661423877
606 1 _aВеликая Отечественная война
_z1941 - 1945
_jПлакаты
_2nlr_sh1
_2nlr_sh2
_3RU\NLR\AUTH\668893
606 1 _aВеликая Отечественная война
_z1941 - 1945
_jПлакаты
_xЗверства немецко-фашистских захватчиков над детьми
_2nlr_sh1
_2nlr_sh2
_3RU\NLR\AUTH\66176785
606 1 _aВеликая Отечественная война
_z1941 - 1945
_jПлакаты
_xЗверства немецко-фашистских захватчиков
_yСмоленская область
_2nlr_sh1
_2nlr_sh2
_3RU\NLR\AUTH\66189164
689 _aЩ153(2Р=Рус)7-466
712 0 2 _aГосударственное издательство РСФСР
_3RU\NLR\AUTH\8810050489
_4650
830 _aШтам 1944 г. Е.В.В. ОЭФ
852 0 0 _aNLR
_bЭ
_jПлИр995/6-191
_mЭ036505
856 0 _uhttps://vivaldi.nlr.ru/la700001238/view
856 1 _uhttps://vivaldi.nlr.ru/la700001238/cover
856 2 _uhttps://vivaldi.nlr.ru/la700001238/text
942 _cVISUAL
945 _aРоссийская национальная библиотека
980 _aBV
981 1 7 _a(17) Изографические материалы
_b(17) Плакаты